00415nam a2200121Ia 4500008004100000041000800041082000800049100006600057245009500123260004900218300002000267440000600287221007s9999 xx 000 0 und d aeng bARC aArchana Ugamugale - 2k181060 & Dr. Suvarna Dhamdhere - Guide 2aA Study Of Business Development With E- Bidding Platform For Prometteur Solution Pvt. Ltd. c2019bSavitribai Phule Pune UniversityaPune a46pcHard Bound v1